Billie Eilish (my top 10 favourites) - Statistics

General Stats
  • This quiz has been taken 187 times
  • The average score is 8 of 10
Answer Stats
Hint Answer % Correct
3. (Dont smile at me) "im too young to go to jail, its kinda funny" bellyache
91%
10. (Single) "it could have been a nightmare, but it felt like they were right there" everything i wanted
91%
4. (Dont smile at me) "he left her lonely with a diamond mind" ocean eyes
91%
1. (When we all fall asleep...) "i ate alone at 7, you were six minutes away" wish you were gay
91%
5. (Dont smile at me) "was i made from a broken mold?" idontwannabeyouanymore
88%
7. (Happier than ever) "i really couldnt care less and you can give em my best" therefore i am
84%
2. (When we all fall asleep...) "shoulda taken a break, not an oxford comma" my strange addiction
78%
8. (Single) "youre no longer my concern, faces from my past return" no time to die
76%
6. (Happier than ever) "theyre gonna tell you what you wanna hear" goldwing
73%
9. (Single) "retrace my lips, erase your touch, its all too much for me" six feet under
69%
No matching quizzes found
Score Distribution
Percent of People with Each Score
Percentile by Number Answered
Your Score History
You have not taken this quiz